000 00238 a2200097 4500
001 39883
100 _aVerma Ashok K
245 _aLetter Writing for all Occasions
260 _aNew Delhi
_bGaurar Publications
_c
090 _c24880
_d24880
942 _aNUST-CAE
_cM
_c16536
999 _c274956
_d274956